000 01459cam a22002533a 4500
001 7949
003 PGUSA
005 20140828083150.0
008 050401s2005||||xxu|||||s|||||000 1 eng d
040 _aPGUSA
_beng
042 _adc
050 4 _aPR
100 1 _aSabatini, Rafael,
_d1875-1950
245 1 4 _aThe Historical Nights' Entertainment :
_bSecond Series
_h[electronic resource] /
_cRafael Sabatini
260 _bProject Gutenberg,
_c2005
505 0 _aThe absolution: Affonso Henriques, first king of Portugal -- The false Demetrius: Boris Godunov and the pretended son of Ivan the Terrible -- The hermosa fembra: an episode of the Inquisition in Seville -- The pastry-cook of Madrigal: the story of the false Sebastian of Portugal -- The end of the "vert galant": the assassination of Henry IV -- The barren wooing: the murder of Amy Robsart -- Sir Judas: the betrayal of Sir Walter Raleigh -- His Insolence of Buckingham: George Villiers' courtship of Anne of Austria -- The path of exile: the fall of Lord Clarendon -- The tragedy of Herrenhausen: Count Philip Königsmark and the Princess Sophia Dorothea -- The tyrannicide: Charlotte Corday and Jean Paul Marat.
506 _aPublic domain in the USA.
516 _aElectronic text
653 _aHistorical fiction, English
653 _aEurope -- Social life and customs -- Fiction
830 0 _aProject Gutenberg
_v7949
856 4 0 _uhttp://www.gutenberg.org/ebooks/7949
942 _cEB
999 _c237249
_d237249